[Event "Bayamo"]
[Site "Bayamo"]
[Date "1990.??.??"]
[Round "8"]
[White "Sariego Figueredo, Wilfredo"]
[Black "Borges Matos, Juan R"]
[Result "1-0"]
[WhiteElo "2405"]
[BlackElo "2500"]
[Annotator "King,D"]
[PlyCount "73"]
[EventDate "1990.04.??"]
[EventType "tourn"]
[EventRounds "13"]
[EventCountry "CUB"]
[EventCategory "8"]
[SourceTitle "CBM 018"]
[Source "ChessBase"]
[SourceDate "1990.10.01"]
[SourceVersion "1"]
[SourceVersionDate "1990.10.01"]
[SourceQuality "1"]

1. e4 d6 2. d4 Nf6 3. Nc3 g6 4. Be2 Bg7 5. h4 Nc6 6. h5 e5 {6...e5? N; an
appalling move, which, however, does not get punished. 6...gxh5 should be
tried.} 7. h6 Bf8 8. Bb5 {>= 8.Nf3.} Bd7 9. Bxc6 $6 {9.Nf3! +/-.} Bxc6 10. Qd3
Be7 11. Bg5 Nxe4 12. Bxe7 Qxe7 13. Nxe4 exd4 14. O-O-O Bxe4 15. Qd2 Bf5 16. Re1
Be6 17. Qxd4 O-O-O 18. Qxa7 Qg5+ 19. Kb1 Qxg2 20. Ne2 Rhe8 21. Nd4 Bd5 22. c4
Be4+ 23. Ka1 Kd7 24. Qa4+ Bc6 25. Qc2 Re5 26. b4 Rde8 27. Rd1 Qg5 28. f4 Qxf4
29. Rhf1 Qg3 30. Rxf7+ R8e7 31. Rg7 Re1 32. Kb2 R1e3 33. b5 Be4 34. Qa4 Qe5 35.
b6+ c6 36. Qa7 c5 37. Qb8 1-0

[Event "Leon"]
[Site "Leon"]
[Date "1990.??.??"]
[Round "7"]
[White "Sion Castro, Marcelino"]
[Black "Granda Zuniga, Julio E"]
[Result "0-1"]
[WhiteElo "2365"]
[BlackElo "2510"]
[Annotator "King,D"]
[PlyCount "124"]
[EventDate "1990.06.??"]
[EventType "tourn"]
[EventRounds "11"]
[EventCountry "ESP"]
[EventCategory "9"]
[SourceTitle "CBM 020"]
[Source "ChessBase"]
[SourceDate "1991.02.01"]
[SourceVersion "1"]
[SourceVersionDate "1991.02.01"]
[SourceQuality "1"]

1. e4 g6 2. d4 Bg7 3. Nc3 d6 4. Be3 Nf6 5. Qd2 Ng4 6. Bg5 c5 {6...c5 N.} (6...
h6 7. Bh4 g5 8. Bg3 e5 9. dxe5 {9.dxe5!? +/= - ECO.}) 7. dxc5 dxc5 8. Qxd8+
Kxd8 9. Nd5 {9.Nd5?!. 9.h3 /\ O-O-O +/=.} Nc6 10. h3 h6 11. Bh4 g5 12. hxg4
gxh4 13. O-O-O Bxg4 14. Be2 Bd7 15. Rxh4 e6 16. Ne3 Ke7 17. Nf3 Nd4 18. Nxd4
Bxd4 19. Ng4 h5 20. Ne3 Bc6 21. Bf3 Bf6 22. Rh3 h4 23. c3 Rag8 24. Kc2 Rg6 25.
Nc4 b5 26. Na5 Be8 27. Nb3 Rg5 28. Rdh1 c4 29. Nd4 b4 30. Rxh4 Rxh4 31. Rxh4
Ra5 32. Rh5 Rxa2 33. e5 b3+ 34. Nxb3 Ba4 35. exf6+ Kxf6 36. Kb1 Bxb3 37. Rc5
Ra6 38. Bc6 Ke7 39. Bf3 Kd6 40. Rc8 Ra5 41. Rd8+ Ke7 42. Rd4 f5 43. Rd2 Kf6 44.
g3 Re5 45. Re2 Rc5 46. Re1 e5 47. Rh1 e4 48. Bd1 Rd5 49. Kc1 Ra5 50. Kb1 Bxd1
51. Rxd1 Kg5 52. Rd4 Kg4 53. Rxc4 Kf3 54. b4 Ra6 55. Rc7 Rf6 56. Rxa7 Kxf2 57.
Ra2+ Kxg3 58. Kc2 f4 59. Kd2 e3+ 60. Kd3 Rd6+ 61. Ke4 Re6+ 62. Kd3 f3 0-1

[Event "Bayamo"]
[Site "Bayamo"]
[Date "1990.??.??"]
[Round "6"]
[White "Sariego Figueredo, Wilfredo"]
[Black "Paneque, Pedro"]
[Result "1-0"]
[WhiteElo "2405"]
[BlackElo "2380"]
[Annotator "King,D"]
[PlyCount "115"]
[EventDate "1990.04.??"]
[EventType "tourn"]
[EventRounds "13"]
[EventCountry "CUB"]
[EventCategory "8"]
[SourceTitle "CBM 018"]
[Source "ChessBase"]
[SourceDate "1990.10.01"]
[SourceVersion "1"]
[SourceVersionDate "1990.10.01"]
[SourceQuality "1"]

1. e4 d6 2. d4 Nf6 3. Nc3 g6 4. Be2 Bg7 5. h4 Nc6 6. h5 gxh5 7. Bb5 {7.Bb5 N.
Better than the previously played 7.Be3 Ng4!} Bd7 8. Nge2 e5 9. Bxc6 Bxc6 10.
d5 Bd7 11. Bg5 Bf8 12. Ng3 $14 Rg8 13. Bxf6 Qxf6 14. Qf3 Qe7 15. Nf5 Bxf5 16.
exf5 Rg4 17. Rxh5 Rf4 18. Qe2 Qd7 19. O-O-O O-O-O 20. g4 h6 21. a3 Rd4 22. Nb5
Rxd1+ 23. Kxd1 c6 24. Nc3 Kb8 25. Qd3 Rc8 26. f3 a6 27. Kc1 c5 28. Ne4 c4 29.
Qd2 Qd8 30. Rh1 Be7 31. Kb1 Bf8 32. Qb4 b5 33. a4 Qd7 34. axb5 axb5 35. Rh3 Kb7
36. Nf6 Qc7 37. Qxb5+ Qb6 38. Qxb6+ Kxb6 39. Ne4 Ra8 40. f6 Ra5 41. Nc3 Kc5 42.
Rh1 e4 43. fxe4 Kd4 44. Rd1+ Ke5 45. Rf1 Ra8 46. b4 Kd4 47. Kb2 Rb8 48. b5 Rc8
49. Na4 Rb8 50. b6 h5 51. gxh5 Kxe4 52. Rd1 Bh6 53. Kc3 Rc8 54. Kb4 Bg5 55. Kb5
Bxf6 56. b7 Rb8 57. Kc6 Bd8 58. h6 1-0

[Event "Debrecen"]
[Site "Debrecen"]
[Date "1990.??.??"]
[Round "3"]
[White "Kindermann, Stefan"]
[Black "Dorfman, Josif D"]
[Result "1/2-1/2"]
[WhiteElo "2560"]
[BlackElo "2595"]
[Annotator "King,D"]
[PlyCount "156"]
[EventDate "1990.06.??"]
[EventType "tourn"]
[EventRounds "11"]
[EventCountry "HUN"]
[EventCategory "13"]
[SourceTitle "CBM 020"]
[Source "ChessBase"]
[SourceDate "1991.02.01"]
[SourceVersion "1"]
[SourceVersionDate "1991.02.01"]
[SourceQuality "1"]

1. e4 d6 2. d4 Nf6 3. Nc3 c6 4. f4 Qa5 5. Bd3 e5 6. Nf3 Bg4 7. Be3 exd4 {
7...exd4 N.} 8. Bxd4 Qb4 9. Be2 Nxe4 10. O-O $146 d5 (10... Nxc3 $5) 11. Nxe4
dxe4 12. c3 Qe7 13. Ne5 Bxe2 14. Qxe2 f5 15. Qh5+ g6 16. Nxg6 Qf7 17. Bxh8 hxg6
18. Qe2 Bc5+ 19. Kh1 Nd7 20. Rfd1 O-O-O 21. Bd4 Bxd4 22. Rxd4 Nc5 23. Rxd8+
Kxd8 24. Rd1+ Kc7 25. b3 a5 26. h3 a4 27. bxa4 Nxa4 28. Qd2 Qe7 29. Qd4 Nc5 30.
Kg1 Nd3 31. Rxd3 exd3 32. Qxd3 Qc5+ 33. Kh2 Qf2 34. Qd4 Qf1 35. a4 b6 36. Qg7+
Kc8 37. Qh8+ Kb7 38. Qd4 c5 39. Qd5+ Ka7 40. Qd7+ Kb8 41. Qd6+ Kb7 42. Qd5+ Ka7
43. Qf7+ Ka6 44. Qxg6 Qxf4+ 45. Qg3 Qxa4 46. h4 Qe4 47. h5 f4 48. Qf3 Qh7 49.
c4 Ka7 50. Qg4 Ka6 51. Qg5 Qf7 52. Qd5 Qxd5 53. cxd5 c4 54. d6 c3 55. d7 c2 56.
d8=Q c1=Q 57. Qa8+ Kb5 58. Qd5+ Ka6 59. Qa8+ Kb5 60. Qd5+ Ka6 61. Qf3 Qc5 62.
h6 Qf5 63. Kg1 b5 64. Qa3+ Kb6 65. Qe7 f3 66. Qe3+ Ka6 67. Qa3+ Kb6 68. Qe3+
Ka6 69. Qa3+ Kb6 70. Qxf3 Qb1+ 71. Kh2 Qg6 72. Qf4 Ka6 73. g4 b4 74. Kg3 Qd3+
75. Qf3 Qd6+ 76. Qf4 Qd3+ 77. Qf3 Qd6+ 78. Qf4 Qd3+ 1/2-1/2

[Event "Voskresensk"]
[Site "Voskresensk"]
[Date "1990.??.??"]
[Round "?"]
[White "Dizdar, Goran"]
[Black "Belov, Igor"]
[Result "1/2-1/2"]
[WhiteElo "2470"]
[BlackElo "2430"]
[Annotator "King,D"]
[PlyCount "74"]
[EventDate "1990.07.??"]
[EventType "tourn"]
[EventRounds "11"]
[EventCountry "URS"]
[EventCategory "9"]
[SourceTitle "CBM 019"]
[Source "ChessBase"]
[SourceDate "1990.12.01"]
[SourceVersion "1"]
[SourceVersionDate "1990.12.01"]
[SourceQuality "1"]

1. Nf3 g6 2. e4 d6 3. d4 Nf6 4. Nbd2 Bg7 5. Be2 O-O 6. O-O Nc6 7. c3 Nd7 {
So long as black is able to capture with a piece, and not a pawn,on e5, then
this quiet system holds no danger. To this end, it is also possible to play 7..
.Re8 /\ 8...e5 9.de5 Ne5 10.Ne5 Re5! with pressure on e4.} 8. Nc4 e5 9. Bg5 Qe8
10. dxe5 Ncxe5 11. Nfxe5 Nxe5 12. Ne3 h6 13. Bh4 g5 14. Bg3 Be6 15. Qc2 Qe7 16.
Rad1 Rae8 17. Rfe1 a6 18. Bh5 Nc4 19. Nd5 Bxd5 20. Rxd5 c6 21. Rdd1 Rd8 22. Be2
Ne5 23. Rd2 Rfe8 24. Red1 Qe6 25. Qb3 Qxb3 26. axb3 Bf8 27. b4 Re6 28. f3 Rde8
29. Bf2 Rf6 30. Bb6 h5 31. Be3 g4 32. Bg5 Rg6 33. f4 Nd7 34. Bd3 Ne5 35. Be2
Nd7 36. Bd3 Ne5 37. Be2 Nd7 1/2-1/2

[Event "Groningen op"]
[Site "Groningen"]
[Date "1990.??.??"]
[Round "1"]
[White "Akopian, Vladimir Eduardovic"]
[Black "Malaniuk, Vladimir P"]
[Result "1-0"]
[WhiteElo "2535"]
[BlackElo "2480"]
[Annotator "King,D"]
[PlyCount "87"]
[EventDate "1990.??.??"]
[EventType "swiss"]
[EventRounds "9"]
[EventCountry "NED"]
[SourceTitle "CBM 022"]
[Source "ChessBase"]
[SourceDate "1991.06.01"]
[SourceVersion "1"]
[SourceVersionDate "1991.06.01"]
[SourceQuality "1"]

1. e4 d6 2. d4 Nf6 3. Nc3 c6 4. Nf3 Bg4 5. h3 Bh5 6. Be2 e6 7. Be3 Be7 8. Nd2
Bxe2 9. Qxe2 O-O (9... d5 $5 {It might be better not to commit the king.}) 10.
h4 Nbd7 11. h5 b5 12. Qf3 d5 13. Qg3 Kh8 14. e5 Ne8 15. Ne2 Rc8 16. c3 c5 $132
17. O-O b4 18. Nb3 bxc3 19. bxc3 c4 20. Nd2 Rc6 21. Qh3 Nc7 22. Nf3 Rb6 23.
Rab1 Qb8 24. Rxb6 Qxb6 25. Nh4 Kg8 26. Qg3 Kh8 27. Bg5 Bxg5 28. Qxg5 Re8 29. f4
h6 30. Qg4 f5 31. Qf3 Qb2 32. g4 Qc2 33. gxf5 exf5 34. Ng3 Rb8 35. Ngxf5 Rb2
36. Qg3 Ne6 37. Nd6 Rb1 38. Nf7+ Kg8 39. Nxh6+ Kf8 40. Ng4 Rxf1+ 41. Kxf1 Qxa2
42. Nf2 Qd2 43. Qg4 Kf7 44. Qg6+ 1-0

[Event "OHRA-A"]
[Site "Amsterdam"]
[Date "1990.??.??"]
[Round "8"]
[White "Kortschnoj, Viktor Lvovich"]
[Black "Azmaiparashvili, Zurab"]
[Result "0-1"]
[WhiteElo "2630"]
[BlackElo "2575"]
[Annotator "King,D"]
[PlyCount "132"]
[EventDate "1990.07.??"]
[EventType "tourn"]
[EventRounds "10"]
[EventCountry "NED"]
[EventCategory "14"]
[SourceTitle "CBM 020"]
[Source "ChessBase"]
[SourceDate "1991.02.01"]
[SourceVersion "1"]
[SourceVersionDate "1991.02.01"]
[SourceQuality "1"]

1. Nf3 g6 2. d4 Bg7 3. e4 d6 4. c3 Nf6 5. Bd3 O-O 6. O-O Nc6 7. b4 {7.b4!? N.}
Bg4 8. h3 {An immediate b5 is better: 8.b5 []a5 9.h3 @.} Bxf3 9. Qxf3 Nd7 $1
10. b5 $2 (10. Be3 e5 11. d5 Ne7 { a5 and f5.}) 10... Nxd4 $19 11. Qe3 Ne6 12.
a4 Nec5 13. Bc2 a6 14. Ra3 Nb6 15. Qe2 axb5 16. axb5 Qd7 17. Rxa8 Rxa8 18. Be3
Nba4 19. Bd4 Ra5 20. Bxa4 Bxd4 21. cxd4 Nxa4 22. Qc2 c5 23. bxc6 Qxc6 24. Qxc6
bxc6 25. Rc1 c5 26. dxc5 Nxc5 27. Nc3 Ra3 28. e5 Rb3 29. Nd5 Kf8 30. Rc2 Rd3
31. Ne3 Ne6 32. Rc8+ Kg7 33. Re8 dxe5 34. Rxe7 Rd2 35. Ng4 Rd1+ 36. Kh2 Re1 37.
h4 Re4 38. f3 Re1 39. Ra7 Nf4 40. Ra2 h5 41. Nf2 Re2 42. Rxe2 Nxe2 43. Nd3 Kf6
44. g3 Ke6 45. Kg2 Kd5 46. Nb4+ Kc5 47. Nd3+ Kd4 48. Nb4 Nc1 49. Nc6+ Kd5 50.
Ne7+ Kd6 51. Nc8+ Kd7 52. Nb6+ Kc6 53. Nc4 Kd5 54. Na5 Nd3 55. Kf1 Nc5 56. Kf2
Ne6 57. Nb3 f5 58. Na5 Nd4 59. Nb7 f4 60. gxf4 exf4 61. Kg2 Nf5 62. Kh3 Kd4 63.
Na5 Ke3 64. Nc4+ Kxf3 65. Ne5+ Ke3 66. Nxg6 f3 0-1

[Event "Altensteig"]
[Site "Altensteig"]
[Date "1990.??.??"]
[Round "4"]
[White "Gabriel, Christian"]
[Black "Mohr, Stefan"]
[Result "1/2-1/2"]
[WhiteElo "2365"]
[BlackElo "2430"]
[Annotator "King,D"]
[PlyCount "80"]
[EventDate "1990.07.??"]
[EventType "tourn"]
[EventRounds "11"]
[EventCountry "GER"]
[EventCategory "9"]
[SourceTitle "CBM 020"]
[Source "ChessBase"]
[SourceDate "1991.02.01"]
[SourceVersion "1"]
[SourceVersionDate "1991.02.01"]
[SourceQuality "1"]

1. e4 g6 2. d4 Bg7 3. c3 d6 4. Nf3 Nf6 5. Bd3 O-O 6. O-O Nc6 7. h3 e5 $1 $10 8.
Be3 $6 (8. dxe5 Nxe5 $10) 8... exd4 9. Nxd4 Ne5 $36 10. Bc2 Nc4 11. Bc1 c5 12.
Qe2 Na5 13. Nf3 Re8 14. Rd1 Qb6 15. Na3 Bf5 16. b4 Nc6 17. Ng5 d5 18. Be3 Nxe4
19. Bxe4 Bxe4 20. Bxc5 Qd8 21. Nxe4 Rxe4 22. Qd3 b6 23. Be3 Ne5 24. Qb5 Nc4 25.
Nxc4 Rxc4 26. Rxd5 Qc8 27. Rad1 Rxc3 28. Rd7 Rc7 29. Bg5 Rxd7 30. Rxd7 Qe8 31.
Qd5 Qe1+ 32. Kh2 Rf8 33. Qd2 Be5+ 34. g3 Qxd2 35. Bxd2 Rc8 36. Rxa7 Bd4 37. Kg1
Rc2 38. Bh6 f5 39. Ra8+ Kf7 40. Ra7+ Kg8 1/2-1/2

[Event "Lyon zt"]
[Site "Lyon"]
[Date "1990.??.??"]
[Round "3"]
[White "Winants, Luc"]
[Black "Seret, Jean Luc"]
[Result "1-0"]
[WhiteElo "2455"]
[BlackElo "2405"]
[Annotator "King,D"]
[PlyCount "71"]
[EventDate "1990.04.??"]
[EventType "tourn"]
[EventRounds "13"]
[EventCountry "FRA"]
[EventCategory "8"]
[SourceTitle "CBM 018"]
[Source "ChessBase"]
[SourceDate "1990.10.01"]
[SourceVersion "1"]
[SourceVersionDate "1990.10.01"]
[SourceQuality "1"]

1. d4 d6 2. e4 Nf6 3. Nc3 g6 4. Bg5 h6 5. Bh4 Bg7 6. Qd2 O-O 7. f4 b6 {7...b6;
not a great move, but anyway, I think black's main mistake is to commit his
king too early. Dzindzi's strategy in the other game in this Key was much
better, but he too played inaccurately and suffered the consequences.} 8. e5
dxe5 9. fxe5 Nd5 10. O-O-O Nc6 11. Nge2 Be6 12. Nxd5 Qxd5 13. Nc3 Qa5 14. a3
Rfd8 15. Qe3 Rab8 16. Bb5 g5 17. Bg3 Nb4 18. axb4 Qa1+ 19. Kd2 Qxb2 20. Rb1 Qa3
21. Bc6 a5 22. Nb5 Qa2 23. Qc3 Bd7 24. Nxc7 axb4 25. Rxb4 Bxc6 26. Ra1 Qxa1 27.
Qxa1 Rb7 28. e6 f5 29. Na6 Ra8 30. Qf1 f4 31. Bf2 Bd5 32. Qd3 Bxg2 33. d5 Rd8
34. c4 b5 35. Qg6 Bf1 36. Bd4 1-0

[Event "Prestwich"]
[Site "Prestwich"]
[Date "1990.??.??"]
[Round "3"]
[White "Ulybin, Mikhail"]
[Black "Norwood, David"]
[Result "1-0"]
[WhiteElo "2500"]
[BlackElo "2530"]
[Annotator "King,D"]
[PlyCount "119"]
[EventDate "1990.??.??"]
[EventType "tourn"]
[EventRounds "9"]
[EventCountry "ENG"]
[SourceTitle "CBM 018"]
[Source "ChessBase"]
[SourceDate "1990.10.01"]
[SourceVersion "1"]
[SourceVersionDate "1990.10.01"]
[SourceQuality "1"]

1. e4 g6 2. d4 Bg7 3. c3 d6 4. Nf3 Nf6 5. Bd3 O-O 6. O-O Nbd7 {6...Nc6 and e5,
forcing white to resolve the tension in the centre at an early stage, is a
more reliable method of equalising.} 7. Bg5 h6 8. Bh4 e5 9. Nbd2 Qe8 10. Re1
Nh5 11. Bf1 Kh8 12. Nc4 Nb6 13. Na5 Rb8 14. dxe5 dxe5 15. Nd2 Be6 16. b4 f5 17.
exf5 gxf5 18. Nab3 Nf4 19. Bg3 Ng6 20. f3 Nd5 21. Qc2 Rd8 22. Rac1 h5 23. Nc4
f4 24. Bf2 Bf5 25. Qb2 h4 26. h3 Rg8 27. Nd4 Bc8 28. Rcd1 Qf7 29. Nb3 e4 30.
fxe4 Nxc3 31. Rxd8 Rxd8 32. e5 Nd1 33. Qe2 Nxf2 34. Qxf2 Be6 35. Ncd2 Bf8 36.
Nc5 b6 37. Nxe6 Qxe6 38. Bc4 Qd7 39. Nb3 Bxb4 40. Re4 a5 41. Rxf4 Qe7 42. Rf6
Rd1+ 43. Bf1 a4 44. Rxg6 axb3 45. Qe2 Bc5+ 46. Kh1 Rxf1+ 47. Qxf1 bxa2 48. Qa1
Qd8 49. Rg4 Kh7 50. Ra4 Qd5 51. Rxh4+ Kg6 52. Ra4 Qb3 53. Rxa2 Bd4 54. Qxd4
Qxa2 55. Qg4+ Kh6 56. Qh4+ Kg7 57. Qf6+ Kg8 58. e6 Qb1+ 59. Kh2 Qh7 60. Qd8+
1-0

[Event "RSFSR-ch"]
[Site "Kuibyshev"]
[Date "1990.??.??"]
[Round "?"]
[White "Voitsekhovsky, Stanislav"]
[Black "Belikov, Vladimir"]
[Result "1/2-1/2"]
[WhiteElo "2335"]
[BlackElo "2375"]
[Annotator "King,D"]
[PlyCount "160"]
[EventDate "1990.??.??"]
[EventType "tourn"]
[EventRounds "15"]
[EventCountry "URS"]
[EventCategory "6"]
[SourceTitle "CBM 021"]
[Source "ChessBase"]
[SourceDate "1991.04.01"]
[SourceVersion "1"]
[SourceVersionDate "1991.04.01"]
[SourceQuality "1"]

1. d4 d6 2. e4 Nf6 3. Nc3 c6 4. f4 Qa5 5. Bd3 e5 6. dxe5 dxe5 7. Nf3 Bg4 8. Bd2
(8. fxe5 Nfd7 9. Bf4 Bb4 10. O-O Bxc3 11. bxc3 O-O 12. Qb1 b5 13. Qb4 Qb6+ 14.
Kh1 Nc5 15. Be3 Nbd7 16. e6 fxe6 17. e5 Bxf3 18. gxf3 Nxd3 19. Qxf8+ Nxf8 20.
Bxb6 Nxe5 $44 {Murey-Rivas 1989.}) 8... Nbd7 9. f5 Qb6 10. h3 Bxf3 11. Qxf3
Qxb2 12. Rb1 Qa3 13. Rb3 Qd6 14. Rxb7 Nc5 15. Rb1 Rd8 $10 16. Ke2 Be7 17. Rhd1
O-O 18. Be1 Qc7 19. Kf1 Rd7 20. Be2 Rd4 21. Bf2 Rfd8 22. Bd3 R4d7 23. Be2 Rxd1+
24. Bxd1 Rb8 25. Rxb8+ Qxb8 26. Qe3 h6 27. g4 Qb2 28. Kg2 Ncd7 29. Na4 Qa1 30.
Bf3 Qxa2 31. Qb3 Qxb3 32. cxb3 a5 33. h4 Ne8 34. Kg3 Nd6 35. Be3 Nb5 36. Be2
Nd4 37. Bc4 Nf6 38. Bxd4 Nxe4+ 39. Kf3 Nd2+ 40. Ke2 Nxc4 41. Bc3 Na3 42. Bxe5
Bxh4 43. Nc5 Be7 44. Nb7 Bb4 45. Bc7 Nb5 46. Bxa5 Nd6 47. Bxb4 Nxb7 48. Kd3 f6
49. Ke4 Kh7 50. Kd4 Kg8 51. Ke4 Kf7 52. Kd4 Ke8 53. Ke4 Kf7 54. Kd4 Ke8 55. Ke4
Nd8 56. Bd6 Nf7 57. Ba3 Ne5 58. Kf4 Nd7 59. Bd6 Kd8 60. Ke4 Kc8 61. Kf4 Kd8 62.
Ke4 Ke8 63. Kf4 Kf7 64. Ke4 Kg8 65. Kf3 Kh7 66. Kf4 Nb6 67. Bc5 Nd7 68. Bd6 g6
69. fxg6+ Kxg6 70. Ke4 Kg5 71. Bf4+ Kxg4 72. Bxh6 f5+ 73. Kd4 f4 74. Bxf4 Kxf4
75. b4 Kf5 76. b5 c5+ 77. Kd5 Kf6 78. b6 Ke7 79. b7 Kd8 80. b8=Q+ Nxb8 1/2-1/2

[Event "Barcelona"]
[Site "Barcelona"]
[Date "1990.??.??"]
[Round "5"]
[White "Vera Gonzalez Quevedo, Reynaldo"]
[Black "Fernandez Garcia, Jose Luis"]
[Result "1/2-1/2"]
[WhiteElo "2485"]
[BlackElo "2500"]
[Annotator "King,D"]
[PlyCount "35"]
[EventDate "1990.09.??"]
[EventType "tourn"]
[EventRounds "9"]
[EventCountry "ESP"]
[EventCategory "10"]
[SourceTitle "CBM 021"]
[Source "ChessBase"]
[SourceDate "1991.04.01"]
[SourceVersion "1"]
[SourceVersionDate "1991.04.01"]
[SourceQuality "1"]

1. Nf3 g6 2. e4 Bg7 3. d4 d6 4. Nc3 Nf6 5. g3 $6 O-O 6. Bg2 c5 $1 7. dxc5 Qa5
8. O-O (8. cxd6 Nxe4 9. dxe7 Re8 10. O-O Nxc3 11. bxc3 $10) 8... Qxc5 9. Re1
Nc6 10. Nd5 Bg4 11. c3 Nxd5 12. exd5 Ne5 13. Bf4 b5 14. Bxe5 Bxe5 15. Qd2 Bxf3
16. Bxf3 Rab8 17. a3 a5 18. Rac1 1/2-1/2

[Event "Tatran Cup"]
[Site "Stary Smokovec"]
[Date "1990.??.??"]
[Round "1"]
[White "Blatny, Pavel"]
[Black "Pavlovic, Milos"]
[Result "1/2-1/2"]
[WhiteElo "2510"]
[BlackElo "2465"]
[Annotator "King,D"]
[PlyCount "95"]
[EventDate "1990.??.??"]
[EventType "tourn"]
[EventRounds "11"]
[EventCountry "CSR"]
[EventCategory "10"]
[SourceTitle "CBM 021"]
[Source "ChessBase"]
[SourceDate "1991.04.01"]
[SourceVersion "1"]
[SourceVersionDate "1991.04.01"]
[SourceQuality "1"]

1. d4 Nf6 2. Nf3 g6 3. Nbd2 Bg7 (3... d5 $10) 4. e4 d6 5. Bc4 O-O 6. O-O Nc6 7.
Re1 Nd7 $5 8. c3 e5 9. dxe5 Ndxe5 10. Nxe5 Nxe5 11. Bf1 Be6 12. f4 Nd7 13. Nf3
Re8 $132 14. Be3 Nf6 15. Bf2 c6 16. Ng5 Bg4 17. Qb3 Qc7 18. e5 dxe5 19. fxe5
Nd5 20. c4 Nb6 21. Bg3 Qd8 22. Qe3 Nd7 23. Qf4 Be6 24. Rad1 h6 25. Nxe6 Rxe6
26. c5 Qe7 27. Bc4 Nxc5 28. Bxe6 Nxe6 29. Qe4 Re8 30. Rd6 Qc7 31. Rd2 h5 32.
Red1 Qb6+ 33. Kh1 Qa5 34. b4 Qa4 35. h4 a5 36. Rb1 Bh6 37. Qc2 Qxc2 38. Rxc2
Nd4 39. Rc4 Nf5 40. Be1 axb4 41. Bxb4 Rxe5 42. Bc3 Re7 43. Ra4 Kh7 44. Ra8 Bg7
45. Bxg7 Kxg7 46. Ra7 Nd6 47. a4 Re2 48. a5 1/2-1/2

[Event "Barcelona"]
[Site "Barcelona"]
[Date "1990.??.??"]
[Round "5"]
[White "De la Villa Garcia, Jesus Maria"]
[Black "Granda Zuniga, Julio E"]
[Result "1/2-1/2"]
[WhiteElo "2475"]
[BlackElo "2485"]
[Annotator "King,D"]
[PlyCount "76"]
[EventDate "1990.09.??"]
[EventType "tourn"]
[EventRounds "9"]
[EventCountry "ESP"]
[EventCategory "10"]
[SourceTitle "CBM 021"]
[Source "ChessBase"]
[SourceDate "1991.04.01"]
[SourceVersion "1"]
[SourceVersionDate "1991.04.01"]
[SourceQuality "1"]

1. e4 d6 2. d4 Nf6 3. Nc3 g6 4. Be3 Bg7 5. Qd2 {Right. There is no need to
play f3.} c6 6. Bh6 Bxh6 7. Qxh6 Qa5 8. f3 Be6 $6 (8... b5) (8... Nbd7) 9. Nge2
Bc4 10. O-O-O Nbd7 11. Kb1 O-O-O 12. Nc1 Bxf1 13. Rhxf1 e5 14. Nb3 Qc7 15. Qe3
$14 Nb6 16. d5 (16. f4 $5) 16... cxd5 17. Nb5 Qc4 18. Nxa7+ Kc7 19. Qd3 dxe4
20. fxe4 Nxe4 21. Na5 Qxd3 22. cxd3 Nc5 23. b4 Na6 24. Rxf7+ Rd7 25. Nb5+ Kb8
26. Rxd7 Nxd7 27. a3 d5 28. Nd6 Rf8 29. Ndxb7 Rf2 30. Rc1 e4 31. dxe4 dxe4 32.
Nd6 e3 33. Rc8+ Ka7 34. Nc6+ Kb6 35. Nc4+ Kb7 36. Nd6+ Kb6 37. Nc4+ Kb7 38.
Nd6+ Kb6 1/2-1/2

[Event "Groningen op"]
[Site "Groningen"]
[Date "1990.??.??"]
[Round "6"]
[White "Van de Oudeweetering, Arthur"]
[Black "Malaniuk, Vladimir P"]
[Result "0-1"]
[WhiteElo "2345"]
[BlackElo "2480"]
[Annotator "King,D"]
[PlyCount "90"]
[EventDate "1990.??.??"]
[EventType "swiss"]
[EventRounds "9"]
[EventCountry "NED"]
[SourceTitle "CBM 022"]
[Source "ChessBase"]
[SourceDate "1991.06.01"]
[SourceVersion "1"]
[SourceVersionDate "1991.06.01"]
[SourceQuality "1"]

1. e4 d6 2. d4 Nf6 3. Nc3 c6 4. f4 Qa5 5. Bd3 e5 6. Nf3 Bg4 7. dxe5 dxe5 8. O-O
(8. fxe5 $1) 8... Nbd7 9. Qe1 Bxf3 10. Rxf3 Bd6 $10 11. f5 h6 12. Bd2 Qc7 13.
a3 a5 14. Kh1 Nc5 15. Qg3 Rg8 16. Rff1 a4 17. Qf3 Qe7 18. Bc4 Ncd7 19. Be1 Bc5
20. Bh4 Qd8 21. Ne2 Rf8 22. Ng3 Be7 23. Rad1 Qb6 24. Bxf6 Bxf6 25. b4 axb3 26.
cxb3 Ke7 27. Qd3 Qd4 28. Qe2 Qc5 29. a4 Nb6 30. Rd3 Nxa4 31. Qd2 Rfd8 32. Rd1
Rxd3 33. Qxd3 Nb6 34. Qe2 Nc8 35. Nh5 Nd6 36. Nxf6 gxf6 37. Qh5 Qe3 38. Rf1
Qxe4 39. Qxh6 Qxf5 40. Rd1 Ne4 41. Rb1 Qg5 42. Qh7 Qg6 43. Qh4 Rg8 44. g3 Rd8
45. Ra1 Qf5 0-1

[Event "Blackpool zt"]
[Site "Blackpool"]
[Date "1990.??.??"]
[Round "?"]
[White "Adams, Michael"]
[Black "McNab, Colin Anderson"]
[Result "1-0"]
[WhiteElo "2555"]
[BlackElo "2390"]
[Annotator "King,D"]
[PlyCount "65"]
[EventDate "1990.05.??"]
[EventType "tourn"]
[EventRounds "11"]
[EventCountry "ENG"]
[EventCategory "8"]
[SourceTitle "CBM 018"]
[Source "ChessBase"]
[SourceDate "1990.10.01"]
[SourceVersion "1"]
[SourceVersionDate "1990.10.01"]
[SourceQuality "1"]

1. e4 g6 2. d4 d6 3. Nc3 Bg7 4. Be3 Nf6 5. Qd2 {An interesting system: white
omits the standard f3 and gets on with his development.} c6 {5...Ng4 is the
obvious way to exploit the omission of f3, however: 5...Ng4 6.Bg5 h6 7.Bh4 g5
8.Bg3 e5 and now 9.dxe5 is +/= according to ECO.} 6. Bh6 Bxh6 7. Qxh6 Qa5 8.
Bd3 Na6 9. Nge2 Nb4 10. O-O Qh5 11. Qd2 Nxd3 12. cxd3 O-O 13. f4 Qh6 14. h3 e5
15. Rad1 exf4 16. Nxf4 Qg7 17. Rf3 g5 18. Rg3 h6 19. Rf1 Kh8 20. e5 dxe5 21.
dxe5 Nh7 22. d4 Bf5 23. h4 Rad8 24. Nh5 Qg6 25. hxg5 Nxg5 26. Nf6 Rg8 27. Ne2
h5 28. Qf4 Bg4 29. Nxg8 Rxg8 30. Nc3 Kh7 31. d5 Bc8 32. Kh2 Qh6 33. Ne4 1-0

[Event "Groningen op"]
[Site "Groningen"]
[Date "1990.??.??"]
[Round "3"]
[White "Schmittdiel, Eckhard"]
[Black "Gipslis, Aivars P"]
[Result "1/2-1/2"]
[WhiteElo "2505"]
[BlackElo "2465"]
[Annotator "King,D"]
[PlyCount "83"]
[EventDate "1990.??.??"]
[EventType "swiss"]
[EventRounds "9"]
[EventCountry "NED"]
[SourceTitle "CBM 022"]
[Source "ChessBase"]
[SourceDate "1991.06.01"]
[SourceVersion "1"]
[SourceVersionDate "1991.06.01"]
[SourceQuality "1"]

1. e4 d6 2. d4 Nf6 3. Nc3 g6 4. g3 Bg7 5. Bg2 O-O 6. Nge2 e5 7. h3 (7. O-O Nc6
8. dxe5 dxe5 9. Bg5 Bg4 10. h3 Be6 11. Nd5 Bxd5 12. exd5 Ne7 $13 {
Makarichev-Kuzmin 1980/81.}) 7... Nc6 8. Be3 exd4 9. Nxd4 Bd7 10. O-O Nxd4 11.
Bxd4 Bc6 12. Qd3 Re8 13. Rfe1 Re6 14. Nd5 Bxd5 15. exd5 Rxe1+ 16. Rxe1 Nd7 $10
17. Bxg7 Kxg7 18. Qc3+ Kg8 19. h4 h5 20. Bh3 Nf6 21. Qd4 Kg7 22. Re3 c5 23.
dxc6 bxc6 24. Bg2 d5 25. Rc3 Qd6 26. Qa4 c5 27. Qa3 Re8 28. Bf3 Re1+ 29. Kg2
Rb1 30. Qxc5 Qa6 31. Rd3 Rxb2 32. Qc3 Rb5 33. Rxd5 Rb1 34. Rd3 Qxa2 35. Bd5 Qa1
36. Bb3 Rg1+ 37. Kf3 Qf1 38. Qc4 Qg2+ 39. Ke2 Qf1+ 40. Kf3 Qg2+ 41. Ke2 Qf1+
42. Kf3 1/2-1/2